000 00203nam a2200085 4500
001 1254896
005 20251128140213.0
245 _aEĞLENCELİ BİLGİ NASIL ÇİZİLİR
_cTONY DE SAULLES
260 _bTİMAŞ
999 _c1254896
_d1254896